000 00259nam a22001097a 4500
008 160420b xxu||||| |||| 00| 0 eng d
020 _a0801677661
041 _aeng
080 _a618.2
245 1 0 _aRehabilitation nursing:
_cShirley P. Hoeman;
942 _2udc
_cBK
999 _c1450
_d1450